00495nam a2200157Ia 4500008004100000020001800041082001500059100002300074245007000097250000800167260004200175300003000217500001900247600002100266650005000287240925s9999 xx 000 0 und d a9788131732458 a004.22 STA aStallings, William 0aComputer Organization and Architecture: designing for performance a8th aNew Delhi:bPearson Educationc,2010. aviii,376p.bN.AfOriginal aIncludes Index aComputer Science aComputer science, information & general works